header

Economics for investment decision makers workbook (Record no. 57246)

MARC details
000 -LEADER
fixed length control field 01552nam a2200385 a 4500
082 04 - DEWEY DECIMAL CLASSIFICATION NUMBER
Classification number 330
100 1# - MAIN ENTRY--AUTHOR NAME
Personal name Piros, Christopher D.
245 10 - TITLE STATEMENT
Title Economics for investment decision makers workbook
260 ## - PUBLICATION, DISTRIBUTION, ETC. (IMPRINT)
Place of publication Hoboken, N.J. :
Name of publisher Wiley,
Year of publication c2013.
300 ## - PHYSICAL DESCRIPTION
Number of Pages 1 online resource (viii, 129 p.).
490 1# - SERIES STATEMENT
Series statement CFA Investment Institute Series
650 #0 - SUBJECT ADDED ENTRY--TOPICAL TERM
Topical Term Supply and demand.
Topical Term Microeconomics.
Topical Term Macroeconomics.
700 1# - ADDED ENTRY--PERSONAL NAME
Personal name Pinto, Jerald E.,
856 40 - ELECTRONIC LOCATION AND ACCESS
Uniform Resource Identifier http://site.ebrary.com/lib/rucke/Doc?id=10674790
588 ## -
-- Description based on online resource; title from title page (ebrary, viewed April 13, 2013).

No items available.

© 2026 Rongo University
Contact us: librarian | system librarian | Rongo university